Підземна залізниця (Запис № 419900)

МАРК-запис
000 -Лідер
fixed length control field 02301nam a22002657a 4500
001 - Контрольний номер
control field 137269
003 - Ідентифікатор контрольного номера
control field UA-OsUOA
005 - Дата та час останнього входження (трансакції)
control field 20230504161356.0
007 - Фіксоване поле фізичного опису
fixed length control field ta
008 - Елементи даних фіксованої довжини – загальна інформація
fixed length control field 20190511b un ||||| |||| 00| 0 ukr d
020 ## - Міжнародний стандартний книжковий номер (ISBN)
Міжнародний стандартний книжковий номер (ISBN) (НП) 978-617-7347-93-3
040 ## - Джерело каталогізації
Агенція оригінальної каталогізації UA-OsUOA
Мова каталогізації ukr
Агенція, яка здійснювала перезапис UA-OsUOA
Агенція, яка здійснювала модифікацію UA-OsUOA
041 ## - Код мови
Код мови тексту/ звукової доріжки чи окремого заголовка (П) ukr
080 ## - Індекс Універсальної десяткової класифікації
Індекс Універсальної десяткової класифікації (УДК) (НП) 821.161.2(73)
090 ## - Локальний шифр розміщення
Класифікаційний індекс УДК 821.161.2(73)
Авторський знак (НП) В14
100 ## - Основне введення – ім’я особи
Ім’я особи (НП) Вайтхед К.
245 ## - Відомості про назву
Назва (НП) Підземна залізниця
Решта назви (НП) роман
260 ## - Публікація, розповсюдження і т.п. (Вихідні дані)
Місце публікації, розповсюдження і т.п. (П) К.
Ім’я/ наймення видавництва, розповсюджувача і т.п. (П) Форс Україна
Дата публікації, розповсюдження і т.п. (П) 2017
300 ## - Фізичний опис
Обсяг 304 с.
520 ## - Резюме і т.п.
Резюме, реферат, анотація, тощо (НП) Роман Колсона Вайтхеда, автора численних бестселерів, тримає читача в напрузі від першої до останньої сторінки. Ми ніби поринаємо в XIX століття, на плантацію в Джорджії. Разом із рабинею-втікачкою дивом вириваємося з тенет жаху, щоб на­ступної миті втрапити в ще страшніше пекло.<br/>Але це не просто авантюрна проза. У творі зачіпається украй серйозне питання, яке навряд чи можна вирішити однозначно. Що таке Америка часів Громадянської війни? Що таке нація, і як вона твориться? Виявляється, славнозвісна Декларація неза­лежності теж має хиби, як і «велика американська ідея», перед якою вже понад 200 років з пошаною чи заздрістю схиляється світ. Розплата за моральні злочини неминуча для всіх, незалеж­но від кольору шкіри. Хто вбиває раба, щоб уникнути його пом­сти, — насправді є рабом страху. А що таке справжня свобода — теж питання відкрите.
650 #7 - Додаткове предметне введення – тематичний термін
Тематичний термін чи географічна назва, як елемент введення (НП) 82 Література. Літературознавство
Джерело заголовка чи терміна UDC
942 ## - Додаткові елементи входу (Коха)
Тип елемента Koha Книги
Source of classification or shelving scheme Universal Decimal Classification
955 ## - Код типу видання за змістом
Код типу видання за змістом (НП) Літературно-художні видання
Фонди
Стан вилучень Стан втрат Джерело класифікації або схеми стелажів Стан уражень Не для кредиту Постійне місце розташування Поточне розміщення Дата придбання Джерело придбання Вартість, звичайна ціна покупки Інвентарний номер Усього замовленно Повний номер виклику Штрих-код Дата останнього перегляду Ціна ефективна від Тип елемента Koha
    Universal Decimal Classification     АБ - Абонемент НБ АБ - Абонемент НБ 11/05/2019 27/2019 125.00 161502   821.161.2(73) В14 161502 18/10/2021 11/05/2019 Книги